| 000 | 00568nam a22002057a 4500 | ||
|---|---|---|---|
| 999 |
_c7672 _d7672 |
||
| 001 | 14512 | ||
| 003 | BD-DhUAP | ||
| 005 | 20210128105108.0 | ||
| 008 | 210128s1979 nyu||||| |||| 001 0 eng d | ||
| 040 |
_aBD-DhUAP _bEng _cBD-DhUAP _dBD-DhUAP |
||
| 082 |
_223 _a364.973 QUI |
||
| 100 | _aQuinney, Richard. | ||
| 245 |
_aCriminology / _cRichard Quinney. |
||
| 250 | _a2nd ed. | ||
| 260 |
_aBoston : _bLittle, Brown and Company, _c©1979. |
||
| 300 |
_ax, 453 pages ; _c22 cm. |
||
| 500 | _aIncludes index. | ||
| 650 |
_aCriminology _zUnited States. |
||
| 942 |
_2ddc _cBK |
||